00464 2200181 4500245004300000020002200043250001100065100001800076700001600094700001900110650002100129005001900150260005700169041001400226084001000240300002300250336000900273 aKue Kesukaan TamacEni wulandarihText a978-602-437-742-7 aCet. 1 aEni Wulansari aEros Rosita aAnis Rahmawati aCerita Bergambar a20240926122326 aJakartabKementerian Pendidikan dan Kebudayaanc2019 aIndonesia a741.5 a20 hlm. :c29,7 cm atext